00791nam a22002177a 4500003000400000005001700004008004100021040001300062041000800075080001700083100001900100245010400119260005200223300002300275490004600298500003600344500012500380650001100505653001100516830004600527SEM20220608074940.0220120s1951 it ||||gr|||||00| 0 eng|d aSEMcSEM aeng a809.245/B-64 aBlake Frank R. aA resurvey of hebrew tenses with an appendix hebrew influence on biblical aramaic /cBlake Frank R. aRoma :bPontificium institutum biblicum,c1951. aXII+78 p. ;b25 cm aScripta pontificii instituti bibliciv103 aReeditio photomechanica (1968). aDedicated to professor william F. Albright archaeologist, historian, linguist on the occasiion of his sixtieth birthday. aHebrew aՍԷՄ aScripta pontificii instituti biblicis103